| 000 | 00594nam a2200169 4500 | ||
|---|---|---|---|
| 001 | 125775 | ||
| 003 | ES-MaACL | ||
| 005 | 20260210163245.0 | ||
| 007 | t| | ||
| 008 | 070214s1953 sp r ||||1| spa d | ||
| 110 |
_aInstituto Nacional de Investigaciones Agronómicas _c(España) _9219222 |
||
| 245 | 1 | 0 |
_aRegistro de variedades de plantas _b: legislación / _cMinisterio de Agricultura, Instituto Nacional de Investigaciones Agronómicas. |
| 260 |
_aMadrid : _b[s. n.], _c1953 ( _fCofisa) |
||
| 300 |
_a30 p. ; _c16 cm. |
||
| 852 |
_aES-MaACL _j1968-F-3 _bR.35407 |
||
| 999 |
_c125775 _d125775 |
||